00652cam a2200193 a 450000100100000000500170001000800410002704000310006808200190009910000250011824501030014326000540024630000210030049000280032150400290034965000220037865000270040083000310042700000208420200929145827.0730409s1970 fr b 001 0 fre  aDO-SdBNPcOClUdOCoLCdDLC a447.415bM215m1 aMahmoudian, Morteza.14aLes modalités nominales en français :bessai de syntaxe fonctionnelle /cMortéza Mahmoudian. aParis :bPresses universitaires de France,c1970. a280 p. ;c18 cm.1 aSup Le Linguistevno. 9 aBibliografìa: p. [277] 4aFrancesxSintaxis 4aModelos linguísticos 0aSup Le Linguiste ;vno. 9.